[Event "Chigorin Memorial 12th"]
[Site "St Petersburg"]
[Date "2004.10.18"]
[Round "3"]
[White "Kuzubov, Yuriy"]
[Black "Pliasunov, Aleksej"]
[Result "1-0"]
[WhiteElo "2530"]
[BlackElo "2390"]
[PlyCount "51"]
[EventDate "2004.10.16"]
[EventType "swiss"]
[EventRounds "9"]
[EventCountry "RUS"]
[SourceTitle "EXT 2005"]
[Source "ChessBase"]
[SourceDate "2004.11.15"]
[SourceVersion "1"]
[SourceVersionDate "2004.11.15"]
[SourceQuality "1"]

1. d4 Nf6 2. c4 c5 3. d5 b5 4. cxb5 a6 5. b6 a5 6. Nc3 Ba6 7. e4 Bxf1 8. Kxf1 d6 9. f4 Nbd7 10. e5 dxe5 11. fxe5 Nxe5 12. Bf4 Nfd7 13. Qa4 f6 14. Bxe5 fxe5 15. Nf3 Qxb6 16. Re1 0-0-0 17. Ng5 g6 18. Ne6 Re8 19. Qc4 Bh6 20. g3 Qxb2 21. Re2 Qb4 22. Qa6+ Qb7 23. Qxa5 Qb6 24. Qa4 Nb8 25. Kg2 Qa6 26. Qe4 1-0

[Event "Chigorin Memorial 12th"]
[Site "St Petersburg"]
[Date "2004.10.17"]
[Round "2"]
[White "Pliasunov, Aleksej"]
[Black "Elfert, Aleksandr V"]
[Result "1-0"]
[WhiteElo "2390"]
[BlackElo "2111"]
[PlyCount "79"]
[EventDate "2004.10.16"]
[EventType "swiss"]
[EventRounds "9"]
[EventCountry "RUS"]
[SourceTitle "EXT 2005"]
[Source "ChessBase"]
[SourceDate "2004.11.15"]
[SourceVersion "1"]
[SourceVersionDate "2004.11.15"]
[SourceQuality "1"]

1. d4 d5 2. c4 dxc4 3. Nf3 Nf6 4. Nc3 a6 5. e4 b5 6. e5 Nd5 7. a4 Nxc3 8. bxc3 Qd5 9. Be2 Bb7 10. Ng5 Qxg2 11. Rf1 e6 12. Be3 Be7 13. Bf3 Bxf3 14. Nxf3 0-0 15. Rg1 Qh3 16. axb5 a5 17. Rg3 Qh5 18. Nd2 Qxd1+ 19. Kxd1 Nd7 20. Bh6 g6 21. Bxf8 Kxf8 22. Nxc4 a4 23. f4 Nb6 24. Nxb6 cxb6 25. Kc2 h5 26. c4 a3 27. Kb3 Ke8 28. Ra2 Kd7 29. Rc3 Ra5 30. Rc1 Kc7 31. Rca1 Ra8 32. d5 exd5 33. cxd5 Bc5 34. Rxa3 Bxa3 35. Rxa3 Rd8 36. Kc4 Kb7 37. f5 Rc8+ 38. Kd4 Rc5 39. fxg6 fxg6 40. e6 1-0

[Event "RUS-ch U20"]
[Site "Samara"]
[Date "2004.03.08"]
[Round "7"]
[White "Aleshin, Oleg"]
[Black "Pliasunov, Aleksej"]
[Result "1/2-1/2"]
[WhiteElo "2403"]
[BlackElo "2397"]
[PlyCount "95"]
[EventDate "2004.03.??"]
[EventType "swiss"]
[EventRounds "11"]
[EventCountry "RUS"]
[SourceTitle "EXT 2005"]
[Source "ChessBase"]
[SourceDate "2004.11.15"]
[SourceVersion "1"]
[SourceVersionDate "2004.11.15"]
[SourceQuality "1"]

1. d4 Nf6 2. Nf3 c5 3. d5 b5 4. Bg5 Ne4 5. Bh4 Bb7 6. a4 Qa5+ 7. Nbd2 Bxd5 8. axb5 Qb6 9. Nxe4 Bxe4 10. e3 Qb7 11. c4 d6 12. Bd3 Nd7 13. Qc2 Bxd3 14. Qxd3 h6 15. 0-0 g5 16. Bg3 Bg7 17. Ra2 0-0 18. Rfa1 f5 19. Nd2 Nb6 20. f3 Qd7 21. Ra6 Kh8 22. Qa3 Qe6 23. Bf2 f4 24. Re1 Qd7 25. b4 cxb4 26. Qxb4 Rac8 27. Qb3 g4 28. exf4 Rxf4 29. Qe3 e5 30. Qd3 gxf3 31. Nxf3 Nxc4 32. Rxa7 Qg4 33. h3 Qe6 34. b6 Rb8 35. b7 Rf7 36. Qb3 Kh7 37. Qc2+ Kg8 38. Rb1 Bf8 39. Qa2 d5 40. Ra8 Rbxb7 41. Rxb7 Rxb7 42. Bc5 Rf7 43. Qf2 Qf6 44. Bxf8 Rxf8 45. Qc5 Rxa8 46. Qxd5+ Kg7 47. Qxa8 Nd6 48. Qa7+ 1/2-1/2

[Event "RUS-ch U20"]
[Site "Samara"]
[Date "2004.03.06"]
[Round "5"]
[White "Nechepurenko, Roman V"]
[Black "Pliasunov, Aleksej"]
[Result "1/2-1/2"]
[WhiteElo "2342"]
[BlackElo "2397"]
[PlyCount "72"]
[EventDate "2004.03.??"]
[EventType "swiss"]
[EventRounds "11"]
[EventCountry "RUS"]
[SourceTitle "EXT 2005"]
[Source "ChessBase"]
[SourceDate "2004.11.15"]
[SourceVersion "1"]
[SourceVersionDate "2004.11.15"]
[SourceQuality "1"]

1. e4 e6 2. Nf3 d5 3. Nc3 Nf6 4. e5 Nfd7 5. d4 c5 6. dxc5 Nc6 7. Bb5 Bxc5 8. Qe2 a6 9. Bd3 Qc7 10. Bf4 Nd4 11. Nxd4 Bxd4 12. 0-0 g5 13. Bxg5 Qxe5 14. Qxe5 Nxe5 15. Be3 Bxe3 16. fxe3 f5 17. h3 h5 18. Ne2 h4 19. Nd4 Ke7 20. Nf3 Nxf3+ 21. gxf3 Rg8+ 22. Kf2 e5 23. Rg1 Be6 24. f4 Kf6 25. Rxg8 Rxg8 26. Rg1 Rxg1 27. Kxg1 d4 28. exd4 exd4 29. a3 Bd5 30. Kf2 Be4 31. Kf1 a5 32. b3 Ke6 33. Kf2 Kd5 34. Kf1 a4 35. b4 Bxd3+ 36. cxd3 b5 1/2-1/2

[Event "RUS-Cup 300 years"]
[Site "St Petersburg"]
[Date "2003.10.26"]
[Round "9"]
[White "Pliasunov, Aleksej"]
[Black "Feoktistov, Alexey A"]
[Result "1-0"]
[WhiteElo "2389"]
[BlackElo "2435"]
[PlyCount "157"]
[EventDate "2003.10.18"]
[EventType "swiss"]
[EventRounds "9"]
[EventCountry "RUS"]
[SourceTitle "EXT 2004"]
[Source "ChessBase"]
[SourceDate "2003.11.25"]
[SourceVersion "1"]
[SourceVersionDate "2003.11.25"]
[SourceQuality "1"]

1. d4 Nf6 2. c4 e6 3. Nf3 c5 4. d5 b5 5. Bg5 Qa5+ 6. Qd2 Qxd2+ 7. Nbxd2 bxc4 8. e4 Bb7 9. Bxc4 Nxe4 10. Nxe4 exd5 11. 0-0-0 dxe4 12. Ne5 Be7 13. Bxe7 Kxe7 14. Nxf7 Rf8 15. Nd6 Bc6 16. Nxe4 Bxe4 17. Rhe1 Rxf2 18. Rxe4+ Kf8 19. Ree1 Nc6 20. Rxd7 Rb8 21. Rf1 Rxf1+ 22. Bxf1 Re8 23. Kd2 Re7 24. Rd6 Ne5 25. Kc3 Ng4 26. Bd3 g6 27. Rc6 Nxh2 28. Rxc5 Ng4 29. a4 Ke8 30. b4 Kd8 31. a5 Nf2 32. Rd5+ Kc7 33. Bc2 Ne4+ 34. Kd4 Nd6 35. Bd3 Re1 36. Re5 Rg1 37. Re7+ Kb8 38. Rxh7 Rxg2 39. Rh8+ Kc7 40. Rh7+ Kb8 41. Kc5 Rd2 42. Bxg6 Nb7+ 43. Kc4 Nd6+ 44. Kc5 Nb7+ 45. Kb5 a6+ 46. Ka4 Nd6 47. Rh3 Nb5 48. Bd3 Nc7 49. Kb3 Rg2 50. Rh8+ Ka7 51. Be4 Rg4 52. Bh1 Rg1 53. Kc4 Rc1+ 54. Kd4 Rb1 55. Kc5 Rg1 56. Kd6 Nb5+ 57. Ke5 Re1+ 58. Be4 Nc7 59. Rh6 Nb5 60. Rh7+ Kb8 61. Rb7+ Kc8 62. Rb6 Nc7 63. Kd4 Nb5+ 64. Kd3 Kc7 65. Rc6+ Kd7 66. Rxa6 Nd6 67. Bc6+ Kc7 68. b5 Nc8 69. Bf3 Rb1 70. Rc6+ Kb8 71. Kc4 Rc1+ 72. Kd4 Ra1 73. a6 Rb1 74. Be2 Rb2 75. Bc4 Rb1 76. Kc5 Rg1 77. b6 Rg5+ 78. Bd5 Ne7 79. a7+ 1-0

[Event "RUS-Cup 300 years"]
[Site "St Petersburg"]
[Date "2003.10.24"]
[Round "7"]
[White "Pliasunov, Aleksej"]
[Black "Vunder, Andrei"]
[Result "1/2-1/2"]
[WhiteElo "2389"]
[BlackElo "2311"]
[PlyCount "125"]
[EventDate "2003.10.18"]
[EventType "swiss"]
[EventRounds "9"]
[EventCountry "RUS"]
[SourceTitle "EXT 2004"]
[Source "ChessBase"]
[SourceDate "2003.11.25"]
[SourceVersion "1"]
[SourceVersionDate "2003.11.25"]
[SourceQuality "1"]

1. d4 e6 2. c4 d5 3. Nf3 c5 4. cxd5 exd5 5. g3 Nf6 6. Bg2 Be7 7. 0-0 0-0 8. Nc3 Nc6 9. dxc5 Bxc5 10. Bg5 d4 11. Bxf6 Qxf6 12. Nd5 Qd8 13. Nd2 Re8 14. Rc1 Bb6 15. Nc4 Bg4 16. Re1 Ba5 17. Nxa5 Qxa5 18. b4 Nxb4 19. Qxd4 Nxd5 20. Qxg4 Rad8 21. Qc4 b6 22. Red1 Nf6 23. Rxd8 Rxd8 24. Bf3 h6 25. Kg2 Qe5 26. Qa4 Qe7 27. Rc4 g6 28. Qc2 Kg7 29. Qc3 Rd7 30. a4 h5 31. h3 Qd6 32. Rf4 Re7 33. Rc4 Qe5 34. Qxe5 Rxe5 35. Rd4 Rc5 36. Bb7 Rc7 37. Ba6 Nd7 38. Bb5 Nc5 39. e3 Kf6 40. f4 Ke7 41. g4 hxg4 42. hxg4 Rc8 43. g5 Rd8 44. Rb4 Rd2+ 45. Kf3 Ra2 46. Rd4 Ra3 47. Bc6 Rc3 48. Rd5 Nb3 49. Bb5 Rc7 50. Re5+ Kd6 51. Re8 Re7 52. Rc8 Nd2+ 53. Ke2 Ne4 54. Bc4 Kd7 55. Ra8 Kc6 56. Rc8+ Kd7 57. Rf8 Nd6 58. Bd5 Re8 59. Rxf7+ Nxf7 60. Bxf7 Re4 61. Bxg6 Rxa4 62. Bd3 Ke7 63. Kf3 1/2-1/2

[Event "Chigorin Memorial-A 10th"]
[Site "St Petersburg"]
[Date "2002.11.02"]
[Round "8"]
[White "Pliasunov, Aleksej"]
[Black "Zontakh, Andrey"]
[Result "1/2-1/2"]
[WhiteElo "2354"]
[BlackElo "2503"]
[PlyCount "88"]
[EventDate "2002.10.25"]
[EventType "swiss"]
[EventRounds "9"]
[EventCountry "RUS"]
[SourceTitle "EXT 2003"]
[Source "ChessBase"]
[SourceDate "2002.11.25"]
[SourceVersion "1"]
[SourceVersionDate "2002.11.25"]
[SourceQuality "1"]

1. d4 d5 2. c4 c6 3. Nf3 Nf6 4. Nc3 a6 5. a4 e6 6. Bg5 Nbd7 7. e3 Qa5 8. Nd2 Bb4 9. Qc2 0-0 10. Nb3 Qc7 11. cxd5 exd5 12. Bf4 Bd6 13. Bg3 Re8 14. Bd3 Nf8 15. a5 Ne6 16. Na4 Nf4 17. Nb6 Rb8 18. Nc5 Bg4 19. Bxf4 Bxf4 20. Kd2 Bd6 21. h3 Bh5 22. g4 Bg6 23. b4 Re7 24. Kc1 Rbe8 25. Kb2 Bxd3 26. Nxd3 Ne4 27. Rae1 Re6 28. h4 Qe7 29. Kb3 Rf8 30. Na4 f5 31. g5 f4 32. Nac5 Nxc5+ 33. dxc5 Bc7 34. exf4 Bxf4 35. Rxe6 Qxe6 36. Re1 Qh3 37. Qe2 Bc7 38. Kc2 Bd8 39. f4 Qf5 40. Qe6+ Qxe6 41. Rxe6 Bc7 42. Re7 Rf7 43. Re8+ Rf8 44. Re7 Rf7 1/2-1/2

[Event "Chigorin Memorial-A 10th"]
[Site "St Petersburg"]
[Date "2002.10.31"]
[Round "6"]
[White "Pliasunov, Aleksej"]
[Black "Yagupov, Igor"]
[Result "1-0"]
[WhiteElo "2354"]
[BlackElo "2468"]
[PlyCount "41"]
[EventDate "2002.10.25"]
[EventType "swiss"]
[EventRounds "9"]
[EventCountry "RUS"]
[SourceTitle "EXT 2003"]
[Source "ChessBase"]
[SourceDate "2002.11.25"]
[SourceVersion "1"]
[SourceVersionDate "2002.11.25"]
[SourceQuality "1"]

1. d4 d5 2. c4 c6 3. Nf3 Nf6 4. Nc3 e6 5. Bg5 h6 6. Bh4 dxc4 7. e4 g5 8. Bg3 b5 9. Be2 Bb7 10. h4 g4 11. Ne5 h5 12. f3 gxf3 13. Bxf3 Bh6 14. 0-0 Be3+ 15. Bf2 Bxf2+ 16. Rxf2 Rh7 17. Nxf7 Rxf7 18. Bxh5 b4 19. e5 Nbd7 20. Bxf7+ Kxf7 21. Ne4 1-0

[Event "Chigorin Memorial-A 10th"]
[Site "St Petersburg"]
[Date "2002.10.28"]
[Round "4"]
[White "Pliasunov, Aleksej"]
[Black "Vokarev, Sergey"]
[Result "1/2-1/2"]
[WhiteElo "2354"]
[BlackElo "2502"]
[PlyCount "35"]
[EventDate "2002.10.25"]
[EventType "swiss"]
[EventRounds "9"]
[EventCountry "RUS"]
[SourceTitle "EXT 2003"]
[Source "ChessBase"]
[SourceDate "2002.11.25"]
[SourceVersion "1"]
[SourceVersionDate "2002.11.25"]
[SourceQuality "1"]

1. d4 Nf6 2. c4 g6 3. f3 d5 4. cxd5 Nxd5 5. e4 Nb6 6. Nc3 Bg7 7. Be3 0-0 8. Qd2 Nc6 9. 0-0-0 f5 10. h4 fxe4 11. h5 gxh5 12. Rxh5 Bf5 13. Rg5 Bg6 14. Be2 e5 15. d5 exf3 16. Nxf3 Nd4 17. Nxe5 Nxe2+ 18. Qxe2 1/2-1/2

[Event "Chigorin Memorial-A 10th"]
[Site "St Petersburg"]
[Date "2002.10.27"]
[Round "3"]
[White "Firman, Nazar"]
[Black "Pliasunov, Aleksej"]
[Result "1-0"]
[WhiteElo "2508"]
[BlackElo "2354"]
[PlyCount "113"]
[EventDate "2002.10.25"]
[EventType "swiss"]
[EventRounds "9"]
[EventCountry "RUS"]
[SourceTitle "EXT 2003"]
[Source "ChessBase"]
[SourceDate "2002.11.25"]
[SourceVersion "1"]
[SourceVersionDate "2002.11.25"]
[SourceQuality "1"]

1. e4 e6 2. d4 d5 3. Nc3 Nf6 4. Bg5 Bb4 5. e5 h6 6. Bd2 Bxc3 7. bxc3 Ne4 8. Qg4 g6 9. Bd3 Nxd2 10. Kxd2 c5 11. h4 Nc6 12. Qf4 Qc7 13. Nf3 cxd4 14. cxd4 f5 15. g4 Bd7 16. Rhg1 0-0-0 17. gxf5 gxf5 18. Ke2 Be8 19. Rg3 Bh5 20. Kf1 Kb8 21. Rb1 Rhg8 22. Nd2 Rxg3 23. fxg3 Qg7 24. Nb3 b6 25. Nc5 Qg6 26. Bb5 Kc7 27. Na6+ Kb7 28. Qe3 Na5 29. Qa3 Kc8 30. Rb4 Qf7 31. Ra4 Rd7 32. Rxa5 bxa5 33. Bxd7+ Qxd7 34. Qf8+ Qe8 35. Qc5+ Kb7 36. Qxa5 Qc6 37. Nc5+ Kc8 38. Kf2 Bd1 39. c3 Bg4 40. a4 f4 41. gxf4 Qb6 42. Qb4 Kc7 43. Ke3 h5 44. Kd2 Bf5 45. Kc1 Kc6 46. Kb2 Bg4 47. Ka3 Bf5 48. Nb3 Qxb4+ 49. cxb4 a6 50. Nc5 Kb6 51. Kb2 Bg4 52. Kc3 Bf5 53. Kd2 Bg4 54. Nd7+ Kc6 55. Nf6 Bf3 56. Ne8 Bg4 57. Nd6 1-0

[Event "Chigorin Memorial 09th"]
[Site "St Petersburg"]
[Date "2001.10.31"]
[Round "6"]
[White "Pliasunov, Aleksej"]
[Black "Pushkov, Nikolai"]
[Result "0-1"]
[WhiteElo "2334"]
[BlackElo "2541"]
[PlyCount "80"]
[EventDate "2001.10.26"]
[EventType "swiss"]
[EventRounds "9"]
[EventCountry "RUS"]
[SourceTitle "EXT 2002"]
[Source "ChessBase"]
[SourceDate "2001.11.25"]
[SourceVersion "1"]
[SourceVersionDate "2001.11.25"]
[SourceQuality "1"]

1. d4 Nf6 2. c4 e6 3. Nf3 Bb4+ 4. Bd2 a5 5. g3 0-0 6. Bg2 d5 7. a3 Be7 8. Qc2 c6 9. 0-0 Nbd7 10. Nc3 dxc4 11. e4 b5 12. e5 Nd5 13. Ne4 Ba6 14. Bg5 h6 15. Bxe7 Qxe7 16. Rfe1 Rab8 17. Qd2 a4 18. Nd6 b4 19. axb4 Rxb4 20. Qc2 Rfb8 21. Ra2 Rb3 22. Qd2 Bb5 23. Rc1 Nb4 24. Ra3 Nd5 25. Ra2 N7b6 26. Ne1 Qa7 27. Bf1 Qa6 28. Bh3 a3 29. Rxa3 Rxa3 30. bxa3 Qxa3 31. Ne4 Ra8 32. Rc2 Nb4 33. Rc3 Qa2 34. Qc1 N6d5 35. Nf6+ Kh8 36. Nxd5 cxd5 37. Qf4 Nd3 38. Nxd3 cxd3 39. Rc1 d2 40. Rd1 Be2 0-1

[Event "Chigorin Memorial 09th"]
[Site "St Petersburg"]
[Date "2001.10.29"]
[Round "4"]
[White "Pliasunov, Aleksej"]
[Black "Korotylev, Alexey"]
[Result "1/2-1/2"]
[WhiteElo "2334"]
[BlackElo "2577"]
[PlyCount "85"]
[EventDate "2001.10.26"]
[EventType "swiss"]
[EventRounds "9"]
[EventCountry "RUS"]
[SourceTitle "EXT 2002"]
[Source "ChessBase"]
[SourceDate "2001.11.25"]
[SourceVersion "1"]
[SourceVersionDate "2001.11.25"]
[SourceQuality "1"]

1. d4 Nf6 2. c4 e6 3. Nf3 b6 4. a3 c5 5. d5 Ba6 6. Qc2 exd5 7. cxd5 g6 8. Nc3 Bg7 9. g4 0-0 10. g5 Nh5 11. Ne4 Bb7 12. Qc4 Qe7 13. Ng3 b5 14. Qh4 Bxd5 15. Nxh5 gxh5 16. Qxh5 Bxf3 17. Qxf3 Nc6 18. Qe3 Qxe3 19. fxe3 Na5 20. Bg2 Rae8 21. Bd5 c4 22. Bd2 Nb3 23. Rb1 Re5 24. e4 Nxd2 25. Kxd2 Rxg5 26. Rhg1 Rxg1 27. Rxg1 Kh8 28. Kc2 Be5 29. h3 h6 30. a4 bxa4 31. Bxc4 Rc8 32. b3 a3 33. Kb1 Rg8 34. Rxg8+ Kxg8 35. Bb5 d6 36. Ka2 Bb2 37. Bd7 Kg7 38. e5 dxe5 39. e4 Kf6 40. Bf5 Kg5 41. Bh7 a5 42. Bf5 Kf4 43. Bh7 1/2-1/2

[Event "Chigorin Memorial 09th"]
[Site "St Petersburg"]
[Date "2001.10.26"]
[Round "1"]
[White "Dvoirys, Semen I"]
[Black "Pliasunov, Aleksej"]
[Result "1/2-1/2"]
[WhiteElo "2582"]
[BlackElo "2334"]
[PlyCount "53"]
[EventDate "2001.10.26"]
[EventType "swiss"]
[EventRounds "9"]
[EventCountry "RUS"]
[SourceTitle "EXT 2002"]
[Source "ChessBase"]
[SourceDate "2001.11.25"]
[SourceVersion "1"]
[SourceVersionDate "2001.11.25"]
[SourceQuality "1"]

1. e4 e6 2. d4 d5 3. e5 c5 4. c3 Nc6 5. Nf3 Qb6 6. a3 Nh6 7. b4 cxd4 8. cxd4 Nf5 9. Be3 Nxe3 10. fxe3 g6 11. Nc3 Bh6 12. Qd2 0-0 13. Rc1 f6 14. exf6 Rxf6 15. Na4 Qd8 16. Bb5 Ne7 17. 0-0 Nf5 18. Rce1 Nd6 19. Bd3 Bd7 20. Nc5 b6 21. Nxd7 Qxd7 22. Ne5 Rxf1+ 23. Rxf1 Qa4 24. Ng4 Bg7 25. h4 Nf5 26. h5 Qxa3 27. Qc2 1/2-1/2

[Event "RUS-ch U18"]
[Site "Rybinsk"]
[Date "2001.??.??"]
[Round "5"]
[White "Pliasunov, Aleksej"]
[Black "Prizant, Jaroslav"]
[Result "0-1"]
[WhiteElo "2305"]
[BlackElo "2437"]
[PlyCount "80"]
[EventDate "2001.02.??"]
[EventType "swiss"]
[EventRounds "10"]
[EventCountry "RUS"]
[SourceTitle "EXT 2002"]
[Source "ChessBase"]
[SourceDate "2001.11.25"]
[SourceVersion "1"]
[SourceVersionDate "2001.11.25"]
[SourceQuality "1"]

1. d4 d5 2. c4 c6 3. Nf3 Nf6 4. Nc3 dxc4 5. a4 Bf5 6. Nh4 e6 7. Nxf5 exf5 8. e3 Bb4 9. Bxc4 0-0 10. 0-0 Nbd7 11. Qd3 g6 12. Kh1 Rc8 13. f3 Nb6 14. e4 Nxc4 15. Qxc4 Bxc3 16. Qxc3 fxe4 17. Bg5 e3 18. Qxe3 Nd5 19. Qd2 f6 20. Bh4 Qd7 21. Rae1 Rfe8 22. Re4 f5 23. Re5 Rxe5 24. dxe5 Qe6 25. f4 Rc7 26. h3 Rd7 27. Qf2 b6 28. a5 c5 29. axb6 axb6 30. Ra1 Qc6 31. Qf3 b5 32. Bg5 Kf7 33. Ra5 c4 34. Qa3 b4 35. Ra6 bxa3 36. Rxc6 Rc7 37. e6+ Kg7 38. e7 Kf7 39. Re6 Rxe7 40. Bxe7 axb2 0-1

[Event "Chigorin Memorial 08th"]
[Site "St Petersburg"]
[Date "2000.11.08"]
[Round "7"]
[White "Pliasunov, Aleksej"]
[Black "Ivannikov, Vladimir"]
[Result "1/2-1/2"]
[WhiteElo "2236"]
[BlackElo "2420"]
[PlyCount "25"]
[EventDate "2000.10.31"]
[EventType "swiss"]
[EventRounds "9"]
[EventCountry "RUS"]
[SourceTitle "EXT 2001"]
[Source "ChessBase"]
[SourceDate "2000.11.22"]
[SourceVersion "1"]
[SourceVersionDate "2000.11.22"]
[SourceQuality "1"]

1. d4 f5 2. e4 fxe4 3. Nc3 Nf6 4. g4 h6 5. f3 d5 6. h3 e6 7. fxe4 dxe4 8. Bg2 c5 9. Nge2 Nc6 10. 0-0 cxd4 11. Nxe4 Be7 12. Nf4 Ne5 13. Nd3 1/2-1/2

[Event "Chigorin Memorial 08th"]
[Site "St Petersburg"]
[Date "2000.11.05"]
[Round "5"]
[White "Pliasunov, Aleksej"]
[Black "Simantsev, Mikhail"]
[Result "0-1"]
[WhiteElo "2236"]
[BlackElo "2403"]
[PlyCount "90"]
[EventDate "2000.10.31"]
[EventType "swiss"]
[EventRounds "9"]
[EventCountry "RUS"]
[SourceTitle "EXT 2001"]
[Source "ChessBase"]
[SourceDate "2000.11.22"]
[SourceVersion "1"]
[SourceVersionDate "2000.11.22"]
[SourceQuality "1"]

1. d4 Nf6 2. c4 c5 3. d5 e6 4. Nc3 exd5 5. cxd5 d6 6. e4 g6 7. f3 Bg7 8. Be3 0-0 9. Qd2 Na6 10. Bd3 Re8 11. Nge2 Nd7 12. f4 Nb4 13. Bb5 a6 14. Bxd7 Bxd7 15. a3 a5 16. 0-0 Na6 17. Ng3 f5 18. Kh1 b5 19. exf5 gxf5 20. Nh5 b4 21. Nxg7 Kxg7 22. Ne2 Nc7 23. Rf3 Qf6 24. Rh3 Rf8 25. Bf2 h6 26. Bh4 Qf7 27. Rd1 Rg8 28. Ng3 Kh7 29. Bg5 Rg6 30. Nh5 Re8 31. Bh4 Bb5 32. Re3 Rxe3 33. Qxe3 Bc4 34. Qe7 Qxe7 35. Bxe7 Nxd5 36. Rxd5 Bxd5 37. Nf6+ Kg7 38. Nxd5 Re6 39. g4 c4 40. gxf5 Re1+ 41. Kg2 c3 42. bxc3 bxa3 43. Bf6+ Kf7 44. c4 a2 45. Kf3 a4 0-1

[Event "St Petersburg White Nights op"]
[Site "St Petersburg"]
[Date "2000.07.02"]
[Round "9"]
[White "Khatenever, Feliks"]
[Black "Pliasunov, Aleksej"]
[Result "0-1"]
[WhiteElo "2125"]
[BlackElo "2221"]
[PlyCount "80"]
[EventDate "2000.06.23"]
[EventType "swiss"]
[EventRounds "9"]
[EventCountry "RUS"]
[SourceTitle "CBM 076 Extra"]
[Source "ChessBase"]
[SourceDate "2000.07.11"]
[SourceVersion "1"]
[SourceVersionDate "2000.07.11"]
[SourceQuality "1"]

1. d4 d6 2. Nf3 f5 3. g3 Nf6 4. Bg2 g6 5. c4 Bg7 6. Nc3 0-0 7. 0-0 Nc6 8. e3 e5 9. b3 e4 10. Ne1 d5 11. Nc2 Be6 12. cxd5 Nxd5 13. Nxd5 Bxd5 14. Ba3 Re8 15. Nb4 Nxb4 16. Bxb4 a5 17. Bc3 g5 18. Qd2 a4 19. b4 Ra6 20. f3 exf3 21. Bxf3 Rae6 22. Rae1 g4 23. Bxd5 Qxd5 24. Qf2 Bh6 25. Bd2 Qxa2 26. Re2 Qxd2 27. Rxd2 Bxe3 28. Qxe3 Rxe3 29. Rxf5 Re2 30. Rf2 Rxd2 31. Rxd2 Re1+ 32. Kf2 Rb1 33. Ke3 Rxb4 34. Rc2 a3 35. Rxc7 b5 36. d5 a2 37. Rc8+ Kf7 38. Rc7+ Kf6 39. Rc1 Rb1 40. Rc6+ Ke5 0-1

[Event "St Petersburg White Nights op"]
[Site "St Petersburg"]
[Date "2000.06.28"]
[Round "5"]
[White "Pliasunov, Aleksej"]
[Black "Trushelyov, Victor"]
[Result "1-0"]
[WhiteElo "2221"]
[BlackElo "2062"]
[PlyCount "123"]
[EventDate "2000.06.23"]
[EventType "swiss"]
[EventRounds "9"]
[EventCountry "RUS"]
[SourceTitle "CBM 076 Extra"]
[Source "ChessBase"]
[SourceDate "2000.07.11"]
[SourceVersion "1"]
[SourceVersionDate "2000.07.11"]
[SourceQuality "1"]

1. d4 Nf6 2. c4 d6 3. Nc3 Nbd7 4. e4 e5 5. d5 Be7 6. Bd3 0-0 7. h3 Ne8 8. Nf3 g6 9. g4 Nc5 10. Bc2 a5 11. Rg1 Ng7 12. Be3 b6 13. a3 Bd7 14. b4 axb4 15. axb4 Rxa1 16. Qxa1 Nb7 17. Ke2 Qc8 18. Ba4 Bxa4 19. Qxa4 Kh8 20. Nb5 Nd8 21. Na7 Qb7 22. Qd7 Qxa7 23. Qxe7 Kg8 24. Bh6 Qb8 25. Nh4 Re8 26. Qf6 Nde6 27. dxe6 Nxe6 28. Nf5 Qd8 29. Qxd8 Rxd8 30. Ne7+ Kh8 31. Be3 Ra8 32. Nd5 g5 33. Rb1 Kg7 34. Kd3 Ra3+ 35. Nc3 Ra8 36. h4 gxh4 37. Rh1 h3 38. Rxh3 Ra1 39. Nd5 Rd1+ 40. Kc2 Rg1 41. Ne7 Kf8 42. Nf5 Rxg4 43. Rxh7 Kg8 44. Rxf7 Kxf7 45. Nh6+ Kg6 46. Nxg4 Kh5 47. Nf6+ Kg6 48. Nd5 Kf7 49. Kd3 Ke8 50. Ke2 Kd7 51. Kf3 Kc6 52. b5+ Kd7 53. Kg4 Nd8 54. Kf5 Nb7 55. Bd2 Nc5 56. Bc3 Nd3 57. f3 Kd8 58. f4 exf4 59. Nxf4 Nf2 60. Bd4 Nd1 61. Kg4 Kd7 62. Kf3 1-0

[Event "RUS-ch sf"]
[Site "Orsk"]
[Date "2000.??.??"]
[Round "8"]
[White "Bocharov, Dmitry"]
[Black "Pliasunov, Aleksej"]
[Result "1-0"]
[WhiteElo "2475"]
[BlackElo "2221"]
[PlyCount "75"]
[EventDate "2000.??.??"]
[EventType "swiss"]
[EventRounds "11"]
[EventCountry "RUS"]
[SourceTitle "EXT 2001"]
[Source "ChessBase"]
[SourceDate "2000.11.22"]
[SourceVersion "1"]
[SourceVersionDate "2000.11.22"]
[SourceQuality "1"]

1. d4 Nf6 2. Nf3 g6 3. c4 Bg7 4. g3 c5 5. Bg2 Qa5+ 6. Nc3 Ne4 7. Bd2 Nxd2 8. Qxd2 Nc6 9. dxc5 Qxc5 10. Nd5 0-0 11. Rc1 a5 12. 0-0 e6 13. Nf4 Qb4 14. Rc2 b5 15. c5 Qxd2 16. Rxd2 Ra7 17. Rfd1 Rc7 18. e3 Nb4 19. a3 Na6 20. Nd4 Rxc5 21. Nb3 Rc7 22. Nxa5 d5 23. Bf1 Bd7 24. e4 d4 25. Nb3 Bc6 26. f3 e5 27. Nd5 Rd7 28. Na5 Bxd5 29. Bxb5 Bxe4 30. fxe4 Rd6 31. Rc2 Rb8 32. Bd3 Rdb6 33. b4 Bf8 34. Nc6 Re8 35. Rdc1 Nc7 36. Nxe5 Rxe5 37. Rxc7 Bh6 38. Rf1 1-0

[Event "RUS-chT U16-B"]
[Site "Rybinsk"]
[Date "2000.??.??"]
[Round "?"]
[White "Moiseenko, Vladimir"]
[Black "Pliasunov, Aleksej"]
[Result "1/2-1/2"]
[WhiteElo "2207"]
[BlackElo "2221"]
[PlyCount "72"]
[EventDate "2000.??.??"]
[EventType "team"]
[EventRounds "9"]
[EventCountry "RUS"]
[SourceTitle "EXT 2001"]
[Source "ChessBase"]
[SourceDate "2000.11.22"]
[SourceVersion "1"]
[SourceVersionDate "2000.11.22"]
[SourceQuality "1"]

1. e4 e6 2. d4 d5 3. e5 c5 4. c3 Nc6 5. Nf3 Qb6 6. a3 Nh6 7. b4 cxd4 8. cxd4 Nf5 9. Bb2 Be7 10. Bd3 a5 11. Qa4 0-0 12. b5 Bd7 13. 0-0 Na7 14. Nc3 g6 15. Rfd1 Qd8 16. Qb3 Qe8 17. Bc1 f6 18. Bxf5 gxf5 19. Bh6 Rf7 20. a4 Nc8 21. Rd3 Nb6 22. exf6 Bxf6 23. Ne5 Bxe5 24. dxe5 Nc4 25. Rg3+ Kh8 26. Re1 Qe7 27. Qd1 Rg8 28. Qh5 Rxg3 29. hxg3 Be8 30. Bg5 Qf8 31. Qh4 Rc7 32. Bf6+ Kg8 33. Nxd5 exd5 34. e6 Nd6 35. Qg5+ Bg6 36. Be5 Ne8 1/2-1/2

[Event "RUS-chJ U18"]
[Site "Russia"]
[Date "2000.??.??"]
[Round "?"]
[White "Pliasunov, Aleksej"]
[Black "Eltsov, Roman"]
[Result "0-1"]
[WhiteElo "2221"]
[BlackElo "2170"]
[PlyCount "90"]
[EventDate "2000.??.??"]
[EventType "swiss"]
[EventRounds "11"]
[EventCountry "RUS"]
[SourceTitle "EXT 2001"]
[Source "ChessBase"]
[SourceDate "2000.11.22"]
[SourceVersion "1"]
[SourceVersionDate "2000.11.22"]
[SourceQuality "1"]

1. d4 Nf6 2. c4 c5 3. d5 b5 4. cxb5 a6 5. f3 g6 6. e4 d6 7. Na3 Bg7 8. Ne2 0-0 9. Nc3 Nbd7 10. Be2 Nb6 11. 0-0 Ne8 12. Be3 Nc7 13. Qd2 axb5 14. Naxb5 Na4 15. Bh6 Nxb5 16. Bxg7 Nbxc3 17. Bxc3 Nxc3 18. Qxc3 Qb6 19. f4 Ra4 20. e5 Rb4 21. exd6 exd6 22. b3 c4+ 23. Kh1 cxb3 24. axb3 Rxb3 25. Qf6 Bf5 26. Bf3 Rb4 27. Rac1 Rxf4 28. Rc6 Qe3 29. Rc3 Qb6 30. g4 Rxf3 31. Rcxf3 Be4 32. h4 Qd8 33. Qxd8 Rxd8 34. Kh2 Bxf3 35. Rxf3 Re8 36. Rf6 Rd8 37. Kg3 Kg7 38. g5 h5 39. Rf3 Ra8 40. Rf6 Ra6 41. Rf4 Ra3+ 42. Rf3 Rxf3+ 43. Kxf3 f6 44. gxf6+ Kxf6 45. Kf4 g5+ 0-1